| 000 | 00368nam a2200133Ia 4500 | ||
|---|---|---|---|
| 008 | 220204s9999 xx 000 0 und d | ||
| 082 |
_a591.5 _bHIN |
||
| 100 | _aHINDE, Robert A | ||
| 245 | 0 | _aAnimal behaviour: A synthesis of ethology and comparative psychology. | |
| 250 | _aEd.2 | ||
| 260 |
_aTokyo _bMcGraw Hill _c1970 |
||
| 650 | _aAnimal psychology | ||
| 942 | _cBK | ||
| 999 |
_c23751 _d23751 |
||